Knife, Fork or Spoon? Quiz Stats

Quiz Updated Mar 6, 2015

Also try: Cake or Death?
Challenge
Share
Tweet
Embed
Score 0/16 Timer 02:00
5 Plays Today
Clue Knife, Fork or Spoon % Correct
Soup ____???
97.5%
Tea____???
93.3%
Bread ____???
91.8%
Swiss Army ____???
90.1%
Tuning ____???
85.6%
Pitch____???
83.9%
Bowie ____???
79.2%
Bicycle ____???
75.3%
Clue Knife, Fork or Spoon % Correct
Love____???
70.4%
Slotted ____???
69.6%
Fondue ____???
64.2%
Toasting ____???
62.9%
Butterfly ____???
60.1%
Flick ____???
58.7%
Runcible ____???
42.1%
Caddy ____???
41.2%

You're not logged in!

Compare scores with friends on all Sporcle quizzes.
Join for Free
OR
Log In

You Might Also Like...

Show Comments

Extras

Top Quizzes Today


Score Distribution

Your Account Isn't Verified!

In order to create a playlist on Sporcle, you need to verify the email address you used during registration. Go to your Sporcle Settings to finish the process.

Report this User

Report this user for behavior that violates our Community Guidelines.

Details: